000 00395nam a22001577a 4500
005 20180809153758.0
008 160517b xxu||||| |||| 00| 0 eng d
020 _a978-81-314-1927-4
041 _aeng
082 _b2458
_a658.3
100 _ajhon, doris rajakumari
_94743
245 _aCase Studies on Human ASSEI Management(vol-1)
300 _a273p,
650 _aManagement
_9241
942 _cBK
999 _c886
_d886